=LDR 00000nam 2200000 4500 =001 INLIS000000000021468 =005 20130612120328 =008 ***********************************Ind** =035 ##$$0010-061300000021468 =041 ##$$a Ind =082 ##$$a 028.5 =090 ##$$a 028.5, Sud p =100 ##$$a SUDARYA, Yahya =245 ##$$a Perintis pengbangunan, Yahya Sudarya =260 ##$$a 1986 $b Bandung =300 ##$$a 64 hlm, Ilus, 21 cm =650 ##$$a Bacaan Kanak-Kanak =850 ##$$a NBPNMAT